• 首页
  • 本馆介绍
  • 公告通知
  • 最新文献
  • 馆藏检索
  • 电子资源
  • 读者导购
  • 参考咨询
  • 我的图书馆
  • 登录
  • 详细信息显示
  • 放入我的书架
  • 预约/预借图书
  • 作者相关作品
  • 分类相关作品
  • 丛书相关作品
  • 出版社相关作品

书目信息

  • 表格格式
  • 工作单格式
  • 卡片格式
题名:
Excel 2016办公应用从入门到精通
    
 
作者: 林科炯 编著
分册:  
出版信息: 北京   中国铁道出版社  2016
页数: 397页
开本: 26cm
丛书名:
单 册:
中图分类: TP391.13
科图分类:
主题词: 表处理软件
电子资源:
ISBN: 978-7-113-21439-5
000 00914nam0 2200253 450
001 3505
005 20160926160729.32
010    @a978-7-113-21439-5@b平装@dCNY49.80
100    @a20160420d2016 em y0chiy50 ea
101 0  @achi
102    @aCN@b110000
105    @aa z 000yy
200 1  @aExcel 2016办公应用从入门到精通@9Excel 2016 ban gong ying yong cong ru men dao jing tong@f林科炯编著
210    @a北京@c中国铁道出版社@d2016
215    @a397页@c图@d26cm@e1光盘
300    @a附光盘
307    @a附光盘:ISBN 978-7-89406-418-9
330    @a本书主要内容包括:认识Excel 2016的操作界面,了解工作簿、工作表和单元格之间的关系及其基本操作,数据的录入与编辑操作,美化电子表格的基本操作以及使用对象让表格内容更加丰富。
606 0  @a表处理软件
610 0  @aExcel
690    @aTP391.13@v5
701  0 @a林科炯@9lin ke jiong@4编著
801  0 @aCN@b唐山师范学院图书馆@c20151001
905    @aZUCC@dTP391.13@e1023
    
    Excel 2016办公应用从入门到精通/林科炯编著.-北京:中国铁道出版社,2016
    397页:图;26cm+1光盘
    附光盘
    
    ISBN 978-7-113-21439-5(平装):CNY49.80
    本书主要内容包括:认识Excel 2016的操作界面,了解工作簿、工作表和单元格之间的关系及其基本操作,数据的录入与编辑操作,美化电子表格的基本操作以及使用对象让表格内容更加丰富。
●
相关链接 在E读中查询图书 在五车中查询图书 在当当中查询图书 在豆瓣中查询图书


正题名:Excel 2016办公应用从入门到精通     索取号:TP391.13/1023         预约/预借

序号 登录号 条形码 馆藏地/架位号 状态 备注
1 905428   209054280   第二样本阅览室/ [索取号:TP391.13/1023] 在馆    
2 905429   209054299   密集书库—计算机科学学院/ [索取号:TP391.13/1023] 在馆    
3 905430   209054306   第三借阅区/ [索取号:TP391.13/1023] 在馆    
4 905431   209054315   第三借阅区/ [索取号:TP391.13/1023] 在馆    
5 905432   209054324   第三借阅区/ [索取号:TP391.13/1023] 在馆    
唐山师范学院图书馆 欢迎您!
大连网信软件有限公司© 版权所有